Color atlas of veterinary histology / (Record no. 20820)

000 -LEADER
fixed length control field 00850cam a2200217 a 4500
020 ## - INTERNATIONAL STANDARD BOOK NUMBER
ISBN 9780470958513
020 ## - INTERNATIONAL STANDARD BOOK NUMBER
ISBN 0470958510
040 ## - CATALOGING SOURCE
Transcribing agency DLC
082 00 - DEWEY DECIMAL CLASSIFICATION NUMBER
Classification number 636 WIL 2012 A042 Or.
100 1# - MAIN ENTRY--AUTHOR NAME
Personal name Bacha, William J
245 10 - TITLE STATEMENT
Title Color atlas of veterinary histology /
250 ## - EDITION STATEMENT
Edition statement 3rd ed
260 ## - PUBLICATION, DISTRIBUTION, ETC. (IMPRINT)
Place of publication Chichester, West Sussex :
Name of publisher Wiley-Blackwell,
Year of publication 2012
300 ## - PHYSICAL DESCRIPTION
Number of Pages xiii, 342 pages :
Other physical details illustrations (chiefly color) ;
Dimensions 29 cm +
Accompanying material CD-ROM (4 3/4 in.)
520 ## - SUMMARY, ETC.
Summary, etc Accompanying DVD-ROM contains ... "more than 900 photomicrographs ..., offering interactive functionality with zoom capability ... [which serves as] an interactive histology atlas with ... study review questions."--Page 4 of cover
650 #0 - SUBJECT ADDED ENTRY--TOPICAL TERM
Topical Term Veterinary histology
650 12 - SUBJECT ADDED ENTRY--TOPICAL TERM
Topical Term Animals, Domestic
650 22 - SUBJECT ADDED ENTRY--TOPICAL TERM
Topical Term Anatomy, Veterinary.
700 1# - ADDED ENTRY--PERSONAL NAME
Personal name Bacha, Linda M
942 ## - ADDED ENTRY ELEMENTS (KOHA)
Koha item type ADB
952 ## - LOCATION AND ITEM INFORMATION (KOHA)
Withdrawn status [LOCAL, KOHA] 0
952 ## - LOCATION AND ITEM INFORMATION (KOHA)
Withdrawn status [LOCAL, KOHA] 0
952 ## - LOCATION AND ITEM INFORMATION (KOHA)
Withdrawn status [LOCAL, KOHA] 0
Holdings
Permanent Location Date acquired Koha item type Lost status Shelving location Barcode Current Location Full call number
Library Block A2022-12-06ADB A042a069822Library Block A636 WIL 2012 A042 Or.
Library Block A2022-12-06ADB A042a069826Library Block A636 WIL 2012 A042 Or.
Library Block A2022-12-06ADB A042a069830Library Block A636 WIL 2012 A042 Or.
មជ្ឈមណ្ឌលឯការនៃសាកលវិទ្យាល័យភូមិន្ទកសិកម្មចំការដូង

Powered by Koha